BIBLIOTHÈQUE DE LA MAISON DU MEXIQUE

Logo 1 Logo 2

Mexican native costumes (notice nᵒ 2596)

détails MARC
000 -Sello discográfico
campo de control de longitud fija 00844nam a2200289 4500
005 - Identificación de versión
campo de control 20251017062810.0
035 ## - Otros números de control del sistema
Número de control del sistema 23594
099 ## - fechas locales
Tipo de ítem Koha LIBRO
100 ## - Datos de procesamiento general
Datos de procesamiento general 19980202d1978 m y1spay5003 ba
101 ## - Idioma del recurso
Idioma del texto, banda sonora, etc. Inglés
105 ## - Campo de datos codificados: Material textual, monográfico
Datos codificados de monografía a 001zy
200 1# - Título y mención de responsabilidad
Título propio Mexican native costumes
Designación general del material texto impreso
Primer mención de responsabilidad Luis Covarrubias
210 ## - Publicación, distribución, etc.
Lugar de publicación, distribución, etc. México
Nombre del editor, distribuidor, etc. Fischgrund Editor
Fecha de publicación, distribución, etc. 1978
215 ## - Descripción física
Designación de material específico y extensión del ítem 32 p
Otras características físicas il.
Dimensiones 26 cm
345 ## - Nota de información de adquisición
Fuente de adquisición/dirección de la suscripción [OBSOLETO] Donación
606 ## - Término temático usado como materia
Elemento de entrada Indios de México
Subdivisión temática Trajes típicos y adornos
Número Koha 5884
607 ## - Nombre geográfico utilizado como tema
Elemento de entrada México
Subdivisión temática Vida social y costumbres
Número Koha 154
660 ## - Código de área geográfica
Código MX
700 ## - Nombre personal - Responsabilidad primaria
Elemento de entrada Covarrubias Duclaud
Parte del nombre distinta del elemento de entrada Luis
Fechas 1919-1984
Número Koha 5882
801 #0 - Fuente de origen
Agencia cm
900 ## -
-- 1/15564
900 ## -
-- 710987131\\020298
942 ## - ELEMENTOS DE ENTRADA SECUNDARIOS (KOHA)
Tipo de ítem Koha Livre
996 ## -
-- MEX
-- 751145101
-- MMAG
-- 009871
-- 745.59 C873M
-- 20240304LIV
Exemplaires
Estatus retirado Estado de daño Estado de pérdida Fecha de adquisición Biblioteca de origen Biblioteca actual Ubicación en estantería Código de barras Precio de reemplazo Signatura topográfica completa No para préstamo Tipo de ítem Koha Nota pública Nota no pública
      05/08/2025 Casa México Paris Casa México Paris   009871 05/08/2025 745.59 C873M   Livre 20240304LIV 751145101